书目信息 |
| 题名: |
英汉环境科学与工程词汇
|
|
| 作者: | 周培疆 , 严国安 , 甘复兴 主编 | |
| 分册: | ||
| 出版信息: | 北京 科学出版社 2002.6 |
|
| 页数: | 960页 | |
| 开本: | 21cm | |
| 丛书名: | ||
| 单 册: | ||
| 中图分类: | X-61 | |
| 科图分类: | ||
| 主题词: | 环境科学--词汇--英、汉 , 环境工程--词汇--英、汉 , 词汇 | |
| 电子资源: | ||
| ISBN: | 7-03-009820-X | |
| 000 | 00954nam0 2200277 45 | |
| 001 | 012004000000 | |
| 005 | 20051124091111.79 | |
| 010 | @a7-03-009820-X@b精装@dCNY 75.00 | |
| 100 | @a20041210d2002 em y0chiy0121 ea | |
| 101 | 0 | @achi@aeng |
| 102 | @aCN@b110000 | |
| 105 | @ay z 000yy | |
| 200 | 1 | @a英汉环境科学与工程词汇@Aying han huan jing ke xue yu gong cheng ci hui@dEnglish-Chinese dictionary of environmental science and engineering@f周培疆, 严国安, 甘复兴主编@zeng |
| 210 | @a北京@c科学出版社@d2002.6 | |
| 215 | @a960页@d21cm | |
| 320 | @a附附录 | |
| 510 | 1 | @aEnglish-Chinese dictionary of environmental science and engineering@zeng |
| 606 | 0 | @a环境科学@x词汇@x英、汉 |
| 606 | 0 | @a环境工程@x词汇@x英、汉 |
| 606 | 0 | @a词汇 |
| 690 | @aX-61@v4 | |
| 701 | 0 | @a周培疆@Azhou pei jiang@4主编 |
| 701 | 0 | @a严国安@Ayan guo an@4主编 |
| 701 | 0 | @a甘复兴@Agan fu xing@4主编 |
| 801 | 0 | @aCN@bQSSKw@c20051124 |
| 905 | @a10447@dX-61@eZ780 | |
| 英汉环境科学与工程词汇=English-Chinese dictionary of environmental science and engineering/周培疆, 严国安, 甘复兴主编.-北京:科学出版社,2002.6 |
| 960页;21cm |
| ISBN 7-03-009820-X(精装):CNY 75.00 |
| ● |
| 相关链接 |
|
|
|
正题名:英汉环境科学与工程词汇
索取号:X-61/Z780
 
预约/预借
| 序号 | 登录号 | 条形码 | 馆藏地/架位号 | 状态 | 备注 |
| 1 | 434314 | 204343148 | 市政与环境工程学院资料室/ [索取号:X-61/Z780] | 在馆 | |
| 2 | 434378 | 204343781 | 市政与环境工程学院资料室/ [索取号:X-61/Z780] | 在馆 | |
| 3 | 434379 | 204343790 | 市政与环境工程学院资料室/ [索取号:X-61/Z780] | 在馆 | |
| 4 | 543180 | 205431807 | 自科库501/501自科库 61排6列5层/ [索取号:X-61/Z780] | 在馆 | |
| 5 | 543181 | 205431816 | 自科库501/501自科库 61排6列5层/ [索取号:X-61/Z780] | 在馆 | |
| 6 | 543182 | 205431825 | 自科库501/501自科库 61排6列5层/ [索取号:X-61/Z780] | 在馆 |